Public land acquisiton for highway purposes (Record no. 547372)

000 -LEADER
fixed length control field 00419nam a22001337a 4500
082 ## - DEWEY DECIMAL CLASSIFICATION NUMBER
Classification number 625.7
Author Mark LEV
-- L-18, P-17
100 ## - MAIN ENTRY--PERSONAL NAME
Personal name Levin, David R
9 (RLIN) 43576
245 ## - TITLE STATEMENT
Title Public land acquisiton for highway purposes
Statement of responsibility, etc. David R Levin
260 ## - PUBLICATION, DISTRIBUTION, ETC.
Place of publication, distribution, etc. Washington
Name of publisher, distributor, etc. United states government printing office
Date of publication, distribution, etc. 1943
300 ## - PHYSICAL DESCRIPTION
Extent 32p.:
Other physical details ill.;
Dimensions 24cm.
526 ## - STUDY PROGRAM INFORMATION NOTE
Program name 0
Interest level 0
Reading level 0
Title point value 625_700000000000000_LEV
650 ## - SUBJECT ADDED ENTRY--TOPICAL TERM
Topical term or geographic name entry element MCE
9 (RLIN) 379
942 ## - ADDED ENTRY ELEMENTS (KOHA)
Source of classification or shelving scheme
Koha item type Book
Holdings
Withdrawn status Lost status Source of classification or shelving scheme Damaged status Not for loan Permanent Location Current Location Date acquired Total Checkouts Full call number Barcode Date last seen Price effective from Koha item type
          Military College of Engineering (MCE) Military College of Engineering (MCE) 07/11/2014   625.7 LEV MCE-30327 07/11/2014 07/11/2014 Book
© 2023 Central Library, National University of Sciences and Technology. All Rights Reserved.